[Event "SWE-chT 1617"]
[Site "Sweden"]
[Date "2016.10.15"]
[Round "2.4"]
[White "Kenneskog, Theodor"]
[Black "Wikner, Arvid"]
[Result "1-0"]
[WhiteElo "2334"]
[BlackElo "2239"]
[PlyCount "83"]
[EventDate "2016.10.14"]
[EventType "team-tourn"]
[EventRounds "9"]
[EventCountry "SWE"]
[SourceTitle "EXT 2017"]
[Source "ChessBase"]
[SourceDate "2016.10.25"]
[SourceVersion "1"]
[SourceVersionDate "2016.10.25"]
[SourceQuality "1"]
[WhiteTeam "Stockholm Rockaden"]
[BlackTeam "Kungstornet"]
[WhiteTeamCountry "SWE"]
[BlackTeamCountry "SWE"]

1. d4 Nf6 2. c4 g6 3. f3 Bg7 4. e4 d6 5. Nc3 0-0 6. Nge2 c5 7. d5 e6 8. Ng3 exd5 9. cxd5 a6 10. a4 b6 11. Be2 Ra7 12. Bg5 h6 13. Be3 Nbd7 14. Qd2 Kh7 15. 0-0 Re8 16. Rab1 Nf8 17. b4 N6d7 18. Rfc1 Rc7 19. bxc5 bxc5 20. a5 f5 21. Kh1 fxe4 22. Ncxe4 Ne5 23. Rb6 Nf7 24. Bxa6 Bxa6 25. Rxa6 Rb7 26. Bf4 Rb2 27. Qd1 Qh4 28. Bd2 Be5 29. Bc3 Bxc3 30. Rxc3 Reb8 31. Rc2 R2b7 32. h3 Nd7 33. Kh2 Qf4 34. Qd2 Qe5 35. f4 Qe7 36. Qf2 Nf6 37. Re2 Nxe4 38. Nxe4 Qd8 39. f5 g5 40. Qf3 Rd7 41. Qh5 Nh8 42. Nxc5 1-0

[Event "Hasselbacken op"]
[Site "Stockholm"]
[Date "2016.05.06"]
[Round "7"]
[White "Braathen, Tom"]
[Black "Wikner, Arvid"]
[Result "0-1"]
[WhiteElo "2078"]
[BlackElo "2241"]
[PlyCount "78"]
[EventDate "2016.04.30"]
[EventType "swiss"]
[EventRounds "9"]
[EventCountry "SWE"]
[SourceTitle "CBM 172 Extra"]
[Source "ChessBase"]
[SourceDate "2016.06.21"]
[SourceVersion "1"]
[SourceVersionDate "2016.06.21"]
[SourceQuality "1"]

1. e4 c5 2. Nf3 e6 3. d4 cxd4 4. Nxd4 a6 5. Nc3 Qc7 6. Be2 b5 7. 0-0 Bb7 8. Bf3 Nc6 9. Re1 Bd6 10. g3 Nxd4 11. Qxd4 Be5 12. Qd3 Rc8 13. Be3 b4 14. Na4 Qxc2 15. Qxc2 Rxc2 16. Nc5 Bc8 17. Nd3 f6 18. Nxe5 fxe5 19. Rac1 Rxc1 20. Rxc1 Ne7 21. Bc5 Nc6 22. Bxb4 Bb7 23. Bc5 Kf7 24. Rd1 Nd4 25. Bxd4 exd4 26. Rxd4 Ke7 27. Be2 Rc8 28. Rc4 Rxc4 29. Bxc4 Kd6 30. f3 Kc5 31. Bb3 Kd4 32. Kf2 Kd3 33. Ke1 Ke3 34. Bd1 d5 35. exd5 exd5 36. f4 d4 37. f5 Be4 38. g4 d3 39. h3 Bg2 0-1

[Event "Hasselbacken op"]
[Site "Stockholm"]
[Date "2016.05.05"]
[Round "6"]
[White "Wikner, Arvid"]
[Black "Sagit, Rauan"]
[Result "0-1"]
[WhiteElo "2241"]
[BlackElo "2389"]
[PlyCount "54"]
[EventDate "2016.04.30"]
[EventType "swiss"]
[EventRounds "9"]
[EventCountry "SWE"]
[SourceTitle "CBM 172 Extra"]
[Source "ChessBase"]
[SourceDate "2016.06.21"]
[SourceVersion "1"]
[SourceVersionDate "2016.06.21"]
[SourceQuality "1"]

1. e4 c5 2. Nf3 d6 3. d4 cxd4 4. Nxd4 Nf6 5. Nc3 a6 6. Bg5 e6 7. f4 h6 8. Bh4 Be7 9. Qf3 Qc7 10. 0-0-0 Nbd7 11. Qg3 g5 12. fxg5 hxg5 13. Bxg5 b5 14. Bxf6 Nxf6 15. Bxb5+ axb5 16. Ndxb5 Qc5 17. e5 dxe5 18. Rhf1 Bd7 19. Rxf6 Bxb5 20. Ne4 Qc7 21. Qg7 Rf8 22. Rxf7 Rxf7 23. Qg8+ Bf8 24. Nd6+ Qxd6 25. Rxd6 Ke7 26. Qg6 Kxd6 27. Qxf7 Bh6+ 0-1

[Event "SWE-chT 1516"]
[Site "Sweden"]
[Date "2016.03.18"]
[Round "7.3"]
[White "Wikner, Arvid"]
[Black "Bengtsson, Jonas"]
[Result "0-1"]
[WhiteElo "2242"]
[BlackElo "2155"]
[PlyCount "104"]
[EventDate "2015.11.06"]
[EventType "team-tourn"]
[EventRounds "9"]
[EventCountry "SWE"]
[SourceTitle "EXT 2017"]
[Source "ChessBase"]
[SourceDate "2016.10.25"]
[SourceVersion "1"]
[SourceVersionDate "2016.10.25"]
[SourceQuality "1"]
[WhiteTeam "Kungstornet"]
[BlackTeam "Manhem"]
[WhiteTeamCountry "SWE"]
[BlackTeamCountry "SWE"]

1. e4 c5 2. Nf3 e6 3. d4 cxd4 4. Nxd4 Nf6 5. Nc3 d6 6. Bc4 a6 7. a4 Nc6 8. Be3 Qc7 9. Qe2 Be7 10. f3 0-0 11. 0-0 Bd7 12. Rfd1 Rac8 13. Nxc6 Bxc6 14. Bb3 Rfe8 15. Qf2 b5 16. axb5 axb5 17. Ra7 Qb8 18. Ra6 Nd7 19. Qg3 b4 20. Na4 Qb5 21. Ra7 Ra8 22. Rxd7 Bxd7 23. Nb6 Ra5 24. Qe1 Rb8 25. Bc4 Qc6 26. Qxb4 Raa8 27. e5 Rb7 28. Bb5 Qxc2 29. Rc1 Qxc1+ 30. Bxc1 Rxb6 31. exd6 Rxb5 32. Qe4 Rc8 33. dxe7 Rxc1+ 34. Kf2 Rc8 35. Qd4 Rd5 36. Qa7 f6 37. b4 Re8 38. Qc7 Kf7 39. h4 Rxe7 40. Qc2 g6 41. g4 Kg7 42. Qc3 h6 43. Qc7 Rf7 44. Qc3 Bb5 45. Qe3 Re5 46. Qb6 Rd7 47. Kg3 Rf7 48. Qd6 Bc4 49. Qd4 Bd5 50. b5 h5 51. g5 Kh7 52. b6 Rf5 0-1

[Event "SWE-chT 1516"]
[Site "Sweden"]
[Date "2016.02.27"]
[Round "6"]
[White "Wikner, Arvid"]
[Black "Eriksson, Anders"]
[Result "1/2-1/2"]
[WhiteElo "2242"]
[BlackElo "2271"]
[PlyCount "135"]
[EventDate "2015.11.06"]
[EventType "team-tourn"]
[EventRounds "9"]
[EventCountry "SWE"]
[SourceTitle "EXT 2018"]
[Source "ChessBase"]
[SourceDate "2017.10.13"]
[SourceVersion "1"]
[SourceVersionDate "2017.10.13"]
[SourceQuality "1"]
[WhiteTeam "Kungstornet"]
[BlackTeam "Vasteras"]
[WhiteTeamCountry "SWE"]
[BlackTeamCountry "SWE"]

1. e4 c6 2. Nf3 d5 3. Nc3 Bg4 4. d4 Nf6 5. h3 Bxf3 6. gxf3 g6 7. Bg5 Bg7 8. Qd3 Nbd7 9. h4 Qa5 10. e5 Nh5 11. Bd2 f6 12. f4 Bh6 13. Ne2 Qc7 14. Bg2 0-0-0 15. Bf3 Ng7 16. Qa3 fxe5 17. dxe5 Kb8 18. Qxe7 Rde8 19. Qa3 Ne6 20. Bg4 Ndc5 21. b4 Ne4 22. Be3 d4 23. Bxe6 dxe3 24. Qxe3 Nxf2 25. Qxf2 Rxe6 26. 0-0 Rf8 27. Qd4 Rd8 28. Qc4 Ree8 29. Rad1 Rxd1 30. Rxd1 Qe7 31. b5 Rc8 32. bxc6 Rxc6 33. Qd4 Rxc2 34. Qd8+ Qxd8 35. Rxd8+ Rc8 36. Rxc8+ Kxc8 37. Kf2 Kd7 38. Kf3 Bf8 39. h5 Ke6 40. hxg6 hxg6 41. Ke4 Bb4 42. Nd4+ Kd7 43. Kd5 Bd2 44. Ke4 Bb4 45. Nf3 Ke7 46. Kd5 Ba3 47. Nh4 Kf7 48. f5 gxf5 49. Nxf5 Ke8 50. Ke6 b5 51. Ng7+ Kf8 52. Nh5 a5 53. Kd7 a4 54. e6 Bc5 55. Kc6 Ba3 56. Kxb5 Ke7 57. Kxa4 Bd6 58. Kb5 Kxe6 59. Kc6 Ba3 60. Nf4+ Ke5 61. Ne2 Ke4 62. Kb5 Kd5 63. Nc3+ Kd6 64. Nb1 Bb2 65. Nd2 Kc7 66. a4 Bc3 67. Ne4 Be1 68. a5 1/2-1/2

[Event "SWE-chT 1415 Elite"]
[Site "Sweden"]
[Date "2015.03.20"]
[Round "7"]
[White "Wikner, Arvid"]
[Black "Virolainen, Victor"]
[Result "1-0"]
[WhiteElo "2281"]
[BlackElo "2155"]
[PlyCount "45"]
[EventDate "2014.11.21"]
[EventType "team-tourn"]
[EventRounds "9"]
[EventCountry "SWE"]
[SourceTitle "EXT 2018"]
[Source "ChessBase"]
[SourceDate "2017.10.13"]
[SourceVersion "1"]
[SourceVersionDate "2017.10.13"]
[SourceQuality "1"]
[WhiteTeam "Kungstornet"]
[BlackTeam "Orgryte"]
[WhiteTeamCountry "SWE"]
[BlackTeamCountry "SWE"]

1. e4 e5 2. Nf3 Nc6 3. d4 exd4 4. Bc4 Bc5 5. c3 Nge7 6. b4 Bb6 7. Qb3 0-0 8. Bb2 Ng6 9. Nbd2 Qe7 10. 0-0 Nge5 11. Nxe5 Qxe5 12. Nf3 Qf6 13. Rad1 Re8 14. cxd4 d6 15. e5 dxe5 16. dxe5 Qe7 17. Ng5 Rf8 18. Nxf7 Rxf7 19. b5 Na5 20. Bxf7+ Kf8 21. Qf3 Qxf7 22. Rd8+ Ke7 23. Ba3+ 1-0

[Event "SWE-chT 1415 Elite"]
[Site "Sweden"]
[Date "2015.01.31"]
[Round "5"]
[White "Wikner, Arvid"]
[Black "Lokander, Martin"]
[Result "0-1"]
[WhiteElo "2281"]
[BlackElo "2365"]
[PlyCount "82"]
[EventDate "2014.11.21"]
[EventType "team-tourn"]
[EventRounds "9"]
[EventCountry "SWE"]
[SourceTitle "EXT 2016"]
[Source "ChessBase"]
[SourceDate "2015.10.08"]
[SourceVersion "1"]
[SourceVersionDate "2015.10.08"]
[SourceQuality "1"]
[WhiteTeam "Kungstornet"]
[BlackTeam "Stockholm Rockaden"]
[WhiteTeamCountry "SWE"]
[BlackTeamCountry "SWE"]

1. e4 e5 2. Nf3 Nc6 3. Bb5 a6 4. Ba4 Nf6 5. 0-0 Be7 6. Re1 b5 7. Bb3 0-0 8. c3 d6 9. h3 Na5 10. Bc2 c5 11. d4 Nd7 12. Nbd2 exd4 13. cxd4 Nc6 14. Nf1 Bf6 15. e5 dxe5 16. Be4 Ndb8 17. dxe5 Qxd1 18. Rxd1 Be7 19. Ne3 Be6 20. Nd5 Bxd5 21. Bxd5 Ra7 22. Be3 Rc7 23. a3 Nd8 24. Ng5 Nbc6 25. e6 fxe6 26. Nxe6 Nxe6 27. Bxe6+ Kh8 28. Rac1 c4 29. a4 Nb4 30. axb5 axb5 31. b3 c3 32. Rd7 Rxd7 33. Bxd7 Rd8 34. Bxb5 c2 35. Kf1 Bf6 36. Ke2 Bb2 37. Re1 Na2 38. Bc4 Re8 39. Kd3 c1Q 40. Rxc1 Bxc1 41. Bc5 Rd8+ 0-1

[Event "Rilton Cup 44th"]
[Site "Stockholm"]
[Date "2015.01.03"]
[Round "7"]
[White "Cafaro, Luca"]
[Black "Wikner, Arvid"]
[Result "0-1"]
[WhiteElo "2054"]
[BlackElo "2281"]
[PlyCount "86"]
[EventDate "2014.12.27"]
[EventType "swiss"]
[EventRounds "9"]
[EventCountry "SWE"]
[SourceTitle "CBM 164 Extra"]
[Source "ChessBase"]
[SourceDate "2015.03.02"]
[SourceVersion "1"]
[SourceVersionDate "2015.03.02"]
[SourceQuality "1"]

1. e4 e5 2. Nf3 Nc6 3. Bc4 Bc5 4. 0-0 Nf6 5. d4 Bxd4 6. Nxd4 Nxd4 7. f4 d6 8. fxe5 dxe5 9. Bg5 Qe7 10. Bxf6 gxf6 11. c3 Ne6 12. b4 Rg8 13. Kh1 Bd7 14. Qd2 Nf4 15. g3 0-0-0 16. Qe3 Bc6 17. b5 Qc5 18. Qf3 Qxc4 19. Na3 Bxe4 20. Nxc4 Bxf3+ 21. Rxf3 Rd3 22. Rxd3 Nxd3 23. Rf1 Rg6 24. Ne3 c6 25. bxc6 bxc6 26. Nf5 Kd7 27. Rd1 e4 28. Kg2 Ke6 29. Nd4+ Kd5 30. Rb1 c5 31. Nf5 Rg5 32. Ne3+ Ke6 33. Rb8 f5 34. Kf1 Rh5 35. Kg1 Ne5 36. h4 Nc6 37. Rb5 f4 38. gxf4 Rxh4 39. f5+ Kf6 40. Rxc5 Ne5 41. Ra5 Rh3 42. Kf2 Rf3+ 43. Ke2 Rxe3+ 0-1

[Event "SWE-chT 1415 Elite"]
[Site "Sweden"]
[Date "2014.11.21"]
[Round "1"]
[White "Wikner, Arvid"]
[Black "Johansson, Gunnar1111"]
[Result "1-0"]
[WhiteElo "2281"]
[BlackElo "2252"]
[PlyCount "67"]
[EventDate "2014.11.21"]
[EventType "team-tourn"]
[EventRounds "9"]
[EventCountry "SWE"]
[SourceTitle "EXT 2016"]
[Source "ChessBase"]
[SourceDate "2015.10.08"]
[SourceVersion "1"]
[SourceVersionDate "2015.10.08"]
[SourceQuality "1"]
[WhiteTeam "Kungstornet"]
[BlackTeam "Solna"]
[WhiteTeamCountry "SWE"]
[BlackTeamCountry "SWE"]

1. e4 c5 2. Nf3 Nc6 3. d4 cxd4 4. Nxd4 e6 5. Nc3 Qc7 6. Be3 a6 7. Qf3 Nf6 8. 0-0-0 Be7 9. Be2 d6 10. Qg3 0-0 11. f4 Nd7 12. Rhf1 Bf6 13. f5 Be5 14. Qh4 Bf6 15. Qh3 Nxd4 16. Bxd4 Ne5 17. g4 Qe7 18. Kb1 Bd7 19. Rg1 Bc6 20. Rg3 h6 21. Be3 Bh4 22. Rg2 Rfd8 23. Rf1 Nd7 24. Bxh6 gxh6 25. g5 hxg5 26. fxe6 Qxe6 27. Qxh4 f6 28. Qh6 Re8 29. Bd3 b5 30. h4 Qh3 31. Rxf6 Nxf6 32. Qg6+ Kh8 33. Qxf6+ Kh7 34. Rxg5 1-0

[Event "SWE-chT2 1314"]
[Site "Sweden"]
[Date "2014.01.18"]
[Round "4"]
[White "Rosberg, Simon"]
[Black "Wikner, Arvid"]
[Result "1/2-1/2"]
[WhiteElo "2237"]
[BlackElo "2265"]
[PlyCount "67"]
[EventDate "2013.11.22"]
[EventType "team-tourn"]
[EventRounds "9"]
[EventCountry "SWE"]
[SourceTitle "EXT 2015"]
[Source "ChessBase"]
[SourceDate "2014.11.20"]
[SourceVersion "1"]
[SourceVersionDate "2014.11.20"]
[SourceQuality "1"]
[WhiteTeam "Norrkoping Schack 08"]
[BlackTeam "Kungstornet"]
[WhiteTeamCountry "SWE"]
[BlackTeamCountry "SWE"]

1. Nf3 Nf6 2. g3 g6 3. Bg2 Bg7 4. 0-0 0-0 5. d3 d5 6. Nbd2 c5 7. e4 dxe4 8. dxe4 Nc6 9. c3 e5 10. Qe2 b6 11. h3 Qc7 12. Ne1 a5 13. a4 Ba6 14. Nc4 Ne8 15. Nc2 Nd6 16. b3 Rab8 17. N2e3 Ne7 18. Rd1 Rfd8 19. Qc2 Nxc4 20. bxc4 Rxd1+ 21. Qxd1 Rd8 22. Qb3 Bh6 23. Nd5 Nxd5 24. cxd5 Bxc1 25. Rxc1 c4 26. Qa2 Qc5 27. Ra1 Rd6 28. h4 Kg7 29. Rb1 h6 30. Bh3 Rf6 31. Kg2 Rd6 32. Kg1 Rf6 33. Kg2 Rd6 34. Kg1 1/2-1/2

[Event "SWE-chT2 1314"]
[Site "Sweden"]
[Date "2013.11.24"]
[Round "3"]
[White "Wikner, Arvid"]
[Black "Johansson, Gunnar"]
[Result "1/2-1/2"]
[WhiteElo "2265"]
[BlackElo "2238"]
[PlyCount "65"]
[EventDate "2013.11.22"]
[EventType "team-tourn"]
[EventRounds "9"]
[EventCountry "SWE"]
[SourceTitle "EXT 2015"]
[Source "ChessBase"]
[SourceDate "2014.11.20"]
[SourceVersion "1"]
[SourceVersionDate "2014.11.20"]
[SourceQuality "1"]
[WhiteTeam "Kungstornet"]
[BlackTeam "Solna"]
[WhiteTeamCountry "SWE"]
[BlackTeamCountry "SWE"]

1. e4 c5 2. Nf3 Nc6 3. d4 cxd4 4. Nxd4 e6 5. Be3 Qc7 6. Be2 Nf6 7. Bf3 Nxd4 8. Bxd4 e5 9. Be3 Bc5 10. Bxc5 Qxc5 11. 0-0 0-0 12. Nc3 d6 13. Qd2 Be6 14. Rfd1 Rfd8 15. Nd5 Bxd5 16. exd5 Rac8 17. Rac1 Qc4 18. Be2 Qxa2 19. Qb4 Nxd5 20. Qxb7 Nf4 21. Bg4 Rb8 22. Rxd6 Re8 23. Qc7 Qxb2 24. Rcd1 h5 25. Bd7 Rf8 26. g3 Ne2+ 27. Kg2 Nd4 28. Rd5 Qxc2 29. Qxc2 Nxc2 30. Ba4 Nb4 31. Rxe5 g6 32. Re7 Rfd8 33. Rxd8+ 1/2-1/2

[Event "SWE-chT2 1314"]
[Site "Sweden"]
[Date "2013.11.23"]
[Round "2"]
[White "Wikner, Arvid"]
[Black "Laith, Kasib"]
[Result "1-0"]
[WhiteElo "2265"]
[BlackElo "2071"]
[PlyCount "107"]
[EventDate "2013.11.22"]
[EventType "team-tourn"]
[EventRounds "9"]
[EventCountry "SWE"]
[SourceTitle "EXT 2015"]
[Source "ChessBase"]
[SourceDate "2014.11.20"]
[SourceVersion "1"]
[SourceVersionDate "2014.11.20"]
[SourceQuality "1"]
[WhiteTeam "Kungstornet"]
[BlackTeam "Manhem II"]
[WhiteTeamCountry "SWE"]
[BlackTeamCountry "SWE"]

1. e4 c5 2. Nf3 Nc6 3. d4 cxd4 4. Nxd4 Nf6 5. Nc3 e5 6. Ndb5 d6 7. Nd5 Nxd5 8. exd5 Nb8 9. c4 Be7 10. Be2 0-0 11. 0-0 a6 12. Nc3 f5 13. a4 a5 14. Ra3 Nd7 15. Nb5 Nc5 16. Bd2 Bd7 17. b4 axb4 18. Bxb4 Bxb5 19. cxb5 b6 20. Bc4 Qc7 21. Ba2 Kh8 22. Bb1 g6 23. Qd2 Bf6 24. Bxc5 Qxc5 25. Rh3 Bg7 26. Rc1 Qd4 27. Qxd4 exd4 28. Ra3 Rfc8 29. Rc6 Bh6 30. Kf1 Bd2 31. Rd3 Bb4 32. Rxd4 Bc5 33. Rc4 Kg7 34. Bc2 Rab8 35. Bb3 Ra8 36. g3 Rf8 37. Rc2 Rae8 38. Re2 Rxe2 39. Kxe2 Re8+ 40. Kf1 h6 41. a5 bxa5 42. b6 Re4 43. Rc7+ Kf6 44. b7 Rb4 45. Ba4 Ba7 46. Bc6 a4 47. Rc8 a3 48. Ra8 Rb1+ 49. Ke2 Rb2+ 50. Kd3 Rb3+ 51. Kc4 a2 52. Rxa7 Rc3+ 53. Kxc3 a1Q+ 54. Rxa1 1-0

[Event "SWE-chT 9899"]
[Site "Sweden"]
[Date "1999.??.??"]
[Round "11"]
[White "Wikner, Arvid"]
[Black "Backelin, Rikard"]
[Result "0-1"]
[WhiteElo "2316"]
[BlackElo "2430"]
[PlyCount "60"]
[EventDate "1998.??.??"]
[EventType "team"]
[EventRounds "11"]
[EventCountry "SWE"]
[SourceTitle "EXT 2000"]
[Source "ChessBase"]
[SourceDate "1999.11.16"]
[SourceVersion "1"]
[SourceVersionDate "1999.11.16"]
[SourceQuality "1"]

1. e4 c5 2. Nf3 Nc6 3. d4 cxd4 4. Nxd4 Nf6 5. Nc3 e5 6. Ndb5 d6 7. Nd5 Nxd5 8. exd5 Nb8 9. c4 a6 10. Nc3 Be7 11. Bd3 0-0 12. 0-0 f5 13. Be3 Bg5 14. f4 exf4 15. Bxf4 Bxf4 16. Rxf4 g6 17. Qe2 Re8 18. Qf2 Nd7 19. Na4 b6 20. Rf1 Ne5 21. Bb1 Rb8 22. Nc3 Bd7 23. Kh1 Rc8 24. g4 Nxg4 25. Rxg4 fxg4 26. Bxg6 hxg6 27. Qf7+ Kh8 28. Qxg6 Qh4 29. Ne4 Rf8 30. Nf6 g3 0-1

[Event "EU-Cup 11th Group3"]
[Site "Oerebro"]
[Date "1995.09.17"]
[Round "3"]
[White "Bjork, Carl Magnus"]
[Black "Wikner, Arvid"]
[Result "1-0"]
[WhiteElo "2320"]
[BlackElo "2245"]
[PlyCount "65"]
[EventDate "1995.09.15"]
[EventType "team-k.o."]
[EventRounds "3"]
[EventCountry "SWE"]
[SourceTitle "EXT 2020"]
[Source "ChessBase"]
[SourceDate "2019.10.17"]
[SourceVersion "1"]
[SourceVersionDate "2019.10.17"]
[SourceQuality "1"]
[WhiteTeam "Stockholm Rockaden"]
[BlackTeam "Manhem Gothenburg"]
[WhiteTeamCountry "SWE"]
[BlackTeamCountry "SWE"]

1. d4 Nf6 2. c4 g6 3. Nc3 Bg7 4. Bg5 d6 5. e3 0-0 6. Be2 c6 7. Nf3 Nbd7 8. Qc2 Qc7 9. 0-0 e5 10. Rad1 Re8 11. h3 a6 12. dxe5 dxe5 13. Nd2 b5 14. a3 Bb7 15. Nde4 Nxe4 16. Nxe4 bxc4 17. Bxc4 Nb6 18. Ba2 Bc8 19. Nd6 Rf8 20. Rd2 h6 21. Bxh6 Bxh6 22. Qxg6+ Bg7 23. Bxf7+ Rxf7 24. Nxf7 Nd5 25. Ng5 Qe7 26. Rc1 Bd7 27. h4 Qf6 28. Qh7+ Kf8 29. Qc2 Qe7 30. Rcd1 Bh6 31. e4 Nb6 32. Rxd7 Nxd7 33. Qxc6 1-0

[Event "DEN-ch U18"]
[Site "Tjele"]
[Date "1995.??.??"]
[Round "2"]
[White "Wikner, Arvid"]
[Black "Johansen, Morten"]
[Result "0-1"]
[WhiteElo "2230"]
[BlackElo "2210"]
[PlyCount "86"]
[EventDate "1995.??.??"]
[EventType "tourn"]
[EventRounds "9"]
[EventCountry "DEN"]
[SourceTitle "EXT 1999"]
[Source "ChessBase"]
[SourceDate "1998.11.16"]
[SourceVersion "1"]
[SourceVersionDate "1998.11.16"]
[SourceQuality "1"]

1. e4 d5 2. exd5 Qxd5 3. Nc3 Qa5 4. d4 Nf6 5. Bc4 Bg4 6. f3 Bf5 7. Nge2 e6 8. Bd2 c6 9. g4 Bg6 10. Nf4 Qc7 11. Qe2 Bd6 12. Nxg6 hxg6 13. 0-0-0 Nbd7 14. g5 Nh5 15. d5 cxd5 16. Bxd5 Nf4 17. Bxf4 Bxf4+ 18. Kb1 0-0-0 19. Nb5 Qc5 20. Bb3 a6 21. Nc3 Nb6 22. a4 Qe5 23. Ne4 Kc7 24. h4 Rxd1+ 25. Rxd1 Rd8 26. Rxd8 Kxd8 27. Qd3+ Ke7 28. c4 Nd7 29. Bc2 Bg3 30. a5 Qxa5 31. Nxg3 Qe1+ 32. Ka2 Qxg3 33. Qd4 Qe5 34. Qd2 Qc5 35. b3 a5 36. Be4 a4 37. Qc3 b5 38. bxa4 bxa4 39. Qxg7 Qxc4+ 40. Ka1 e5 41. Bxg6 a3 42. Qxf7+ Qxf7 43. Bxf7 Kxf7 0-1

[Event "SWE-ch"]
[Site "Haparanda"]
[Date "1994.??.??"]
[Round "12"]
[White "Astrom, Robert"]
[Black "Wikner, Arvid"]
[Result "1-0"]
[WhiteElo "2335"]
[BlackElo "2230"]
[PlyCount "85"]
[EventDate "1994.??.??"]
[EventType "tourn"]
[EventRounds "13"]
[EventCountry "SWE"]
[EventCategory "6"]
[SourceTitle "EXT 2000"]
[Source "ChessBase"]
[SourceDate "1999.11.16"]
[SourceVersion "1"]
[SourceVersionDate "1999.11.16"]
[SourceQuality "1"]

1. d4 Nf6 2. Nf3 g6 3. Bg5 Bg7 4. Nbd2 0-0 5. e4 d5 6. exd5 Nxd5 7. c3 Bf5 8. Bc4 h6 9. Bh4 Nf4 10. 0-0 Nd7 11. Re1 g5 12. Bg3 Ng6 13. Qb3 Nb6 14. Bf1 e6 15. a4 a5 16. h3 Rc8 17. Qb5 Qd5 18. Nb3 Nf4 19. Bxf4 gxf4 20. Nxa5 Ra8 21. Qxd5 exd5 22. b4 Bc2 23. Nxb7 Nxa4 24. Rac1 Bf5 25. Ne5 Rfb8 26. Na5 Rb6 27. Nec6 Bf8 28. Ne7+ Bxe7 29. Rxe7 Ra7 30. Re5 Be6 31. Nb3 Nxc3 32. Rxc3 Rxb4 33. Be2 Ra3 34. Bd1 c5 35. Rc1 cxd4 36. Nd2 Rb2 37. Nf1 Raa2 38. Bf3 Rxf2 39. Rd1 Bxh3 40. Bxd5 Bxg2 41. Bxa2 Rxa2 42. Re8+ Kg7 43. Rd2 1-0

[Event "SWE-ch"]
[Site "Haparanda"]
[Date "1994.??.??"]
[Round "6"]
[White "Brynell, Stellan"]
[Black "Wikner, Arvid"]
[Result "1/2-1/2"]
[WhiteElo "2485"]
[BlackElo "2230"]
[PlyCount "107"]
[EventDate "1994.??.??"]
[EventType "tourn"]
[EventRounds "13"]
[EventCountry "SWE"]
[EventCategory "6"]
[SourceTitle "EXT 2000"]
[Source "ChessBase"]
[SourceDate "1999.11.16"]
[SourceVersion "1"]
[SourceVersionDate "1999.11.16"]
[SourceQuality "1"]

1. e4 c5 2. Nf3 d6 3. Bb5+ Nc6 4. 0-0 Bd7 5. Re1 Nf6 6. h3 a6 7. Bf1 e6 8. c3 Be7 9. d4 cxd4 10. cxd4 0-0 11. Nc3 d5 12. e5 Ne8 13. Bf4 b5 14. Rc1 f6 15. exf6 Bxf6 16. Bd3 Qb6 17. Ne5 Nxe5 18. Bxe5 Bxe5 19. Rxe5 Nf6 20. Ne2 Rac8 21. Rxc8 Rxc8 22. Qd2 Be8 23. Nf4 Bf7 24. Re1 Qd6 25. g3 Re8 26. Qc3 Nd7 27. Rc1 e5 28. Qc7 Qxc7 29. Rxc7 exf4 30. Rxd7 f3 31. g4 Bg6 32. Bxg6 hxg6 33. Rxd5 Re2 34. Rd6 a5 35. Ra6 a4 36. b3 Rxa2 37. bxa4 bxa4 38. Rxg6 a3 39. Ra6 Ra1+ 40. Kh2 a2 41. d5 Kf7 42. Ra7+ Kf6 43. g5+ Ke5 44. Ra5 g6 45. h4 Kd6 46. h5 gxh5 47. g6 Re1 48. Rxa2 Re4 49. Ra8 Rg4 50. Rd8+ Ke5 51. d6 Rxg6 52. d7 Ke6 53. Rf8 Kxd7 54. Rxf3 1/2-1/2

[Event "Gothenburg INT"]
[Site "Gothenburg"]
[Date "1994.??.??"]
[Round "4"]
[White "Jasnikowski, Zbigniew"]
[Black "Wikner, Arvid"]
[Result "1-0"]
[WhiteElo "2475"]
[BlackElo "2230"]
[PlyCount "75"]
[EventDate "1994.??.??"]
[EventType "tourn"]
[EventRounds "9"]
[EventCountry "SWE"]
[EventCategory "4"]
[SourceTitle "EXT 2001"]
[Source "ChessBase"]
[SourceDate "2000.11.22"]
[SourceVersion "1"]
[SourceVersionDate "2000.11.22"]
[SourceQuality "1"]

1. d4 Nf6 2. c4 g6 3. Nf3 Bg7 4. g3 0-0 5. Bg2 d6 6. Nc3 Nbd7 7. 0-0 e5 8. e4 exd4 9. Nxd4 Re8 10. h3 a6 11. Re1 Rb8 12. a4 Ne5 13. b3 c5 14. Nde2 Be6 15. Ra2 Qd7 16. f4 Nc6 17. Kh2 h5 18. Rd2 Red8 19. e5 Ne8 20. Ne4 Qc7 21. exd6 Qa5 22. Ba3 Bf5 23. Rf1 Bxe4 24. Bxe4 Nd4 25. Nxd4 Bxd4 26. Rxd4 cxd4 27. b4 Qb6 28. c5 Qa7 29. Bb2 b6 30. Qxd4 f6 31. Bxg6 bxc5 32. bxc5 Qg7 33. Bxh5 Qh7 34. Qd5+ Kh8 35. Rf2 Qb1 36. Bxe8 Rxb2 37. Qh5+ Kg7 38. Qf7+ 1-0

[Event "SWE-chT 9394"]
[Site "Sweden"]
[Date "1994.??.??"]
[Round "4"]
[White "Jonsson, Mikael"]
[Black "Wikner, Arvid"]
[Result "1-0"]
[WhiteElo "2285"]
[BlackElo "2215"]
[PlyCount "59"]
[EventDate "1993.??.??"]
[EventType "team"]
[EventRounds "9"]
[EventCountry "SWE"]
[SourceTitle "EXT 2000"]
[Source "ChessBase"]
[SourceDate "1999.11.16"]
[SourceVersion "1"]
[SourceVersionDate "1999.11.16"]
[SourceQuality "1"]

1. d4 Nf6 2. c4 g6 3. Nc3 Bg7 4. e4 d6 5. Be2 0-0 6. Nf3 e5 7. Be3 Na6 8. dxe5 dxe5 9. Nd2 c6 10. c5 Be6 11. a3 Qe7 12. b4 Nc7 13. 0-0 Nfe8 14. Nc4 f5 15. f3 Rd8 16. Qc2 Nd5 17. exd5 cxd5 18. c6 d4 19. Bf2 e4 20. fxe4 dxc3 21. Rad1 bxc6 22. Rxd8 Qxd8 23. e5 Bd5 24. Rd1 Nc7 25. Bxa7 Na6 26. Ne3 Bxe5 27. Bxa6 Qh4 28. g3 Bxg3 29. hxg3 Qxg3+ 30. Ng2 1-0

[Event "SWE-ch"]
[Site "Haparanda"]
[Date "1994.??.??"]
[Round "1"]
[White "Jonsson, Mikael"]
[Black "Wikner, Arvid"]
[Result "1/2-1/2"]
[WhiteElo "2320"]
[BlackElo "2230"]
[PlyCount "78"]
[EventDate "1994.??.??"]
[EventType "tourn"]
[EventRounds "13"]
[EventCountry "SWE"]
[EventCategory "6"]
[SourceTitle "EXT 2000"]
[Source "ChessBase"]
[SourceDate "1999.11.16"]
[SourceVersion "1"]
[SourceVersionDate "1999.11.16"]
[SourceQuality "1"]

1. d4 Nf6 2. c4 g6 3. Nc3 Bg7 4. e4 d6 5. Nf3 0-0 6. Be2 e5 7. Be3 Na6 8. dxe5 dxe5 9. Nd2 c6 10. c5 Qe7 11. Qa4 Ng4 12. Bxg4 Bxg4 13. Qa5 Rfd8 14. Na4 Bf6 15. Nc4 Rd3 16. b4 Be6 17. Nab2 Bxc4 18. Nxc4 Nc7 19. 0-0 Nb5 20. Rad1 Rc3 21. a4 Rxc4 22. axb5 Rxe4 23. bxc6 bxc6 24. Rd6 Rb8 25. Rxc6 Rexb4 26. Rc7 Qd8 27. Rxa7 Qxa5 28. Rxa5 Rc4 29. Ra7 Kg7 30. g3 h6 31. Rd1 Bg5 32. Bxg5 hxg5 33. Rdd7 Rf8 34. Rac7 Kf6 35. h3 g4 36. Rd6+ Kg7 37. h4 Ra8 38. Rdd7 Ra1+ 39. Kg2 Rcc1 1/2-1/2